Statistics for Summer Olympics - Medalists in Tennis

Click here to take the quiz!

General Stats

  • This quiz has been taken 57 times
    (10 since last reset)
  • The average score is 30 of 37

Answer Stats

Olympic Teams% Correct
Australia
100%
Belarus
100%
Belgium
100%
Canada
100%
Chile
100%
Denmark
100%
Great Britain
100%
Netherlands
100%
Russia
100%
Serbia
100%
Spain
100%
Sweden
100%
Switzerland
100%
United States
100%
Argentina
88%
Brazil
88%
Croatia
88%
France
88%
Germany
88%
Italy
88%
Japan
88%
Ukraine
88%
Austria
75%
Bulgaria
75%
Czechia
75%
Greece
75%
Romania
75%
South Africa
75%
Bohemia
63%
Czechoslovakia
63%
Hungary
63%
India
63%
New Zealand
38%
Puerto Rico
38%
West Germany
38%
Russian Olympic Committee
25%
Unified Team
25%

Score Distribution

Percentile by Number Answered

Percent of People with Each Score

Your Score History

You have not taken this quiz since the last reset